000 00423nam a22001577a 4500
020 _a978-81-291-2374-9
082 _a510
_bTHA/E
100 _aTHAKUR, RAJESH KUMAR
245 _aTHE ESSENTIALS OF VEDUC MATHEMATICS
_bMATHEMATICS
246 _aTHE ESSENTIALS OF VEDUC MATHEMATICS
_bMATHEMATICS
260 _aDELHI
_bRUPA PUBLICATIONS
_c2013
300 _a267
505 _aMATHEMATICS
520 _aMATHEMATICS
942 _cBK
999 _c1317
_d1317